000
00295nam a2200109 a 4500
005
20201002033929.0
008
130808s1867 000 spa d
100
_a
Vaissiere, Pierre de
_9
66383
245
0
_a
Saint-Domingue.
260
_a
Paris -- edi. desc.,
_c
[1867] -- 384 pag.
999
_c
39610
_d
39610
040
_a
DO-SdBNP